Mesterséges intelligencia az ellátási lánc menedzsmentben

Bibliográfiai részletek
Szerző: Varga Anna Zsófia
További közreműködők: Kozma Dr. Tímea
Dokumentumtípus: TDK dolgozat
Kulcsszavak:automatizáció - automatizálás
belső vállalati folyamatok
ellátási lánc - ellátó hálózat
logisztika
mesterséges intelligencia
Online Access:http://dolgozattar.uni-bge.hu/60526

MARC

LEADER 00000nta a2200000 i 4500
001 dolg60526
005 20260416073843.0
008 260416suuuu hu o 000 hun d
040 |a BGE Dolgozattár Repozitórium  |b hun 
041 |a hu 
100 1 |a Varga Anna Zsófia 
245 1 0 |a Mesterséges intelligencia az ellátási lánc menedzsmentben  |c Varga Anna Zsófia  |h [elektronikus dokumentum] 
516 |a Students_Scientific_Association_paper 
520 3 |a Dolgozatom központi témája a mesterséges intelligencia szerepének vizsgálata az ellátási lánc menedzsmentben. A dolgozatom során ki szeretnék térni a mesterséges intelligencia hatékonyságnövelő, automatizációt támogató és fenntarthatóságot elősegítő hatásaira. A kutatás célja annak feltárása volt, hogy a mesterséges intelligencia miként járulhat hozzá az ellátási lánc hatékonyságának növeléséhez és a fenntarthatósági célok megvalósításához, valamint milyen mértékben segíti elő a vállalatok versenyképességének növelését. A kutatás aktualitását a digitalizációs, és a mesterséges intelligencia térnyerése, valamint a logisztikai folyamatok gyors technológiai fejlődése adja, hiszen a mesterséges intelligencia az üzleti folyamatok átalakulásának egyik legjelentősebb tényezője, amely alapvetően alakítja a vállalatok működését, döntéshozatali mechanizmusait és versenyképességét. A vizsgálat kiterjedt a mesterséges intelligencia technológiai bevezetésének szervezeti, gazdasági és etikai vonatkozásaira is. A kutatásom kvalitatív módszertanon alapult, mivel a cél a folyamatok mélyebb, összefüggéseiben történő megértése volt. Félig strukturált interjúkat készítettem logisztikai vezetőkkel és szakemberekkel, elsősorban az OMV Hungária Kft. és egy fulfillment logisztikai vállalat képviselőjével. Az interjúkban hallottakat szekunder kutatással egészítettem ki, amely során tudományos cikkeket, statisztikai adatokat és nemzetközi tanulmányokat elemeztem. A kutatás alátámasztotta, hogy a mesterséges intelligencia növeli az ellátási lánc hatékonyságát és hozzájárul a fenntartható működéshez, azonban Magyarországon a vállalati gyakorlatban, például az OMV Hungária Kft.-nél jelenleg inkább támogató szerepet tölt be. A technológia növeli a pontosságot, csökkenti az emberi hibákat és javítja az erőforrás-felhasználást. Az eredmények alapján a mesterséges intelligencia legnagyobb potenciállal a kereslet-előrejelzés, készletgazdálkodás, útvonal-optimalizálás és döntéstámogatás területén rendelkezik. Összességében a mesterséges intelligencia a jövő ellátásilánc-menedzsmentjének meghatározó eszköze, amely megfelelő alkalmazás esetén egyszerre erősíti a versenyképességet, és a fenntarthatóságot is. 
695 |a automatizáció - automatizálás 
695 |a belső vállalati folyamatok 
695 |a ellátási lánc - ellátó hálózat 
695 |a logisztika 
695 |a mesterséges intelligencia 
700 1 |a Kozma Dr. Tímea  |e ths 
856 4 0 |u http://dolgozattar.uni-bge.hu/60526/1/Varga_Anna_Zs%C3%B3fia_YMNU3L_Mesters%C3%A9ges%20intelligencia%20az%20ell%C3%A1t%C3%A1si%20l%C3%A1nc%20menedzsmentben.pdf  |z Dokumentum-elérés 
856 4 0 |u http://dolgozattar.uni-bge.hu/60526/2/Varga%20Anna%20Zs%C3%B3fia_resume.docx  |z Dokumentum-elérés 
856 4 0 |u http://dolgozattar.uni-bge.hu/60526/3/Varga_Anna_Zs%C3%B3fia_TDK_szerz%C5%91di%20hozz%C3%A1j%C3%A1rul%C3%A1s.pdf  |z Dokumentum-elérés 
856 4 0 |u http://dolgozattar.uni-bge.hu/60526/4/VargaAnnaZs%C3%B3fia.pdf  |z Dokumentum-elérés 
856 4 0 |u http://dolgozattar.uni-bge.hu/60526/5/Varga%20Anna%20Zs%C3%B3fia_Dolgozat_biralati_lap_2025.pdf  |z Dokumentum-elérés